[Event "North American-ch UNN"]
[Site "Dulles"]
[Date "2024.12.21"]
[Round "6"]
[White "Zhang, Oscar Y"]
[Black "Lebakken, Lukas"]
[Result "1-0"]
[WhiteElo "1834"]
[BlackElo "1748"]
[PlyCount "87"]
[EventDate "2024.12.18"]
[EventType "swiss"]
[EventRounds "9"]
[EventCountry "USA"]
[SourceTitle "CB02_2025"]
[SourceDate "2025.01.08"]
[SourceVersion "1"]
[SourceVersionDate "2025.01.08"]
[SourceQuality "1"]

1. e4 e5 2. Nf3 Nc6 3. Bb5 a6 4. Ba4 Nf6 5. 0-0 b5 6. Bb3 Bc5 7. c3 d6 8. d4 Bb6 9. a4 Bb7 10. Re1 0-0 11. Na3 Re8 12. Bg5 b4 13. Nc4 bxc3 14. bxc3 Ba7 15. Qd2 Rb8 16. Bc2 Qe7 17. Ne3 exd4 18. Nd5 Nxd5 19. Bxe7 Ndxe7 20. cxd4 Ng6 21. h4 h6 22. h5 Nf8 23. Rab1 Bb6 24. Bb3 Re7 25. Re3 Na5 26. Qd3 Nxb3 27. Rxb3 Nd7 28. Nh4 Nf6 29. Qb1 Rxe4 30. a5 Rxh4 31. axb6 c6 32. Re7 Kf8 33. Rc7 Rxh5 34. Rf3 Kg8 35. Qa2 Rd5 36. Re3 Bc8 37. Ree7 Be6 38. Qxa6 Rxd4 39. Rxe6 Rd1+ 40. Kh2 fxe6 41. Rc8+ Rxc8 42. Qxc8+ Kf7 43. b7 Rd3 44. f3 1-0

[Event "North American-ch UNN"]
[Site "Dulles"]
[Date "2024.12.20"]
[Round "5"]
[White "Lebakken, Lukas"]
[Black "Liu, Steven1"]
[Result "0-1"]
[WhiteElo "1748"]
[BlackElo "1896"]
[PlyCount "95"]
[EventDate "2024.12.18"]
[EventType "swiss"]
[EventRounds "9"]
[EventCountry "USA"]
[SourceTitle "CB02_2025"]
[SourceDate "2025.01.08"]
[SourceVersion "1"]
[SourceVersionDate "2025.01.08"]
[SourceQuality "1"]

1. e4 c5 2. c3 d5 3. exd5 Qxd5 4. d4 Nc6 5. Nf3 e6 6. Be3 cxd4 7. cxd4 Nf6 8. Nc3 Bb4 9. Bd3 0-0 10. 0-0 Qd8 11. Qc2 h6 12. Rfd1 Bxc3 13. bxc3 b6 14. Qd2 Nd5 15. c4 Nxe3 16. fxe3 Qe7 17. Qc3 Bb7 18. d5 exd5 19. cxd5 Nb4 20. e4 Nxd3 21. Qxd3 Rfe8 22. Re1 Rad8 23. Rad1 Qb4 24. Qd4 Qa5 25. Qd2 Qxd2 26. Rxd2 f5 27. exf5 Rxe1+ 28. Nxe1 Rxd5 29. Rxd5 Bxd5 30. a3 Kf7 31. g4 Be4 32. Kf2 Kf6 33. Ke3 Ke5 34. h3 b5 35. h4 a5 36. g5 hxg5 37. f6 gxf6 38. h5 f5 39. h6 Kf6 40. Kd4 Kg6 41. Kc5 b4 42. axb4 axb4 43. Kxb4 g4 44. Kc4 g3 45. Kd4 g2 46. Nxg2 Bxg2 47. Ke5 Be4 48. Kd4 0-1

[Event "Dulles Skyline op 3rd"]
[Site "Dulles"]
[Date "2024.10.13"]
[Round "6"]
[White "Wang, Lilian"]
[Black "Lebakken, Lukas"]
[Result "1/2-1/2"]
[WhiteElo "1810"]
[BlackElo "1676"]
[PlyCount "62"]
[EventDate "2024.10.10"]
[EventType "swiss"]
[EventRounds "9"]
[EventCountry "USA"]
[SourceTitle "CB43_2024"]
[Source "Chessbase"]
[SourceDate "2024.10.23"]
[SourceVersion "1"]
[SourceVersionDate "2024.10.23"]
[SourceQuality "1"]

1. e4 c6 2. d4 d5 3. Nc3 dxe4 4. Nxe4 Nf6 5. Nxf6+ exf6 6. c3 Bf5 7. Bd3 Bxd3 8. Qxd3 Bd6 9. Ne2 0-0 10. 0-0 Qc7 11. h3 Nd7 12. c4 Rad8 13. Qc2 Rfe8 14. Be3 Nf8 15. Rfd1 Ng6 16. Nc3 Bf4 17. Re1 Bxe3 18. fxe3 Rd7 19. Qf2 Rde7 20. Rad1 Qa5 21. Qd2 Qg5 22. e4 Qxd2 23. Rxd2 f5 24. Rde2 Nf4 25. Re3 fxe4 26. Rxe4 Rxe4 27. Rxe4 Rxe4 28. Nxe4 Ne2+ 29. Kf2 Nxd4 30. Nd6 Kf8 31. Nxb7 Ke7 1/2-1/2

[Event "Dulles Skyline op 3rd"]
[Site "Dulles"]
[Date "2024.10.11"]
[Round "3"]
[White "Lebakken, Lukas"]
[Black "Zhuang, Kyle"]
[Result "0-1"]
[WhiteElo "1676"]
[BlackElo "2088"]
[PlyCount "104"]
[EventDate "2024.10.10"]
[EventType "swiss"]
[EventRounds "9"]
[EventCountry "USA"]
[SourceTitle "CB43_2024"]
[Source "Chessbase"]
[SourceDate "2024.10.23"]
[SourceVersion "1"]
[SourceVersionDate "2024.10.23"]
[SourceQuality "1"]

1. e4 c5 2. c3 Nf6 3. e5 Nd5 4. d4 cxd4 5. cxd4 d6 6. Nf3 Nc6 7. Bc4 e6 8. exd6 Bxd6 9. Nc3 Nxc3 10. bxc3 0-0 11. 0-0 h6 12. Re1 Bd7 13. Be3 Rc8 14. d5 exd5 15. Bxd5 Qc7 16. h3 b6 17. Nd4 Ne7 18. Bb3 Qxc3 19. Ne6 Bxe6 20. Bxe6 Rcd8 21. Bd4 Bh2+ 22. Kxh2 Rxd4 23. Qb3 Qc7+ 24. Kh1 fxe6 25. Rxe6 Nd5 26. Re4 Rd2 27. Rae1 Qc2 28. Qg3 Rd1 29. Qd6 Qxe4 30. Rxd1 Nf4 31. f3 Qg6 32. Qxg6 Nxg6 33. Rd7 Rf7 34. Rd6 Ne5 35. Kh2 Kf8 36. Rd8+ Ke7 37. Ra8 Kd6 38. Kg3 Nc6 39. f4 Rb7 40. Rg8 b5 41. Kg4 a5 42. Kh5 b4 43. g4 a4 44. Re8 b3 45. axb3 axb3 46. Re1 b2 47. Rb1 Ne7 48. h4 Nd5 49. g5 Nxf4+ 50. Kg4 hxg5 51. hxg5 Nd5 52. Kf5 Nc3 0-1